000 00680nam a2200241 i 4500
001 bgj
100 1 _aSANDERS, Hans.
245 1 0 _aInstitution Literatur und Roman :
_bzur Rekonstruktion der Literatursoziologie /
_cHans Sanders.
260 _aFrankfurt am Main :
_bSuhrkamp Verlag,
_c1981.
300 _a236, [12] S. ;
_c18 cm.
490 1 _aEdition Suhrkamp ;
_v668
505 _aRegister.
650 9 _aLiteratursoziologie
650 9 _aRoman
700 1 _aSchultz, Hans Jürgen.
830 _aEdition Suhrkamp ;
020 _a3518106686
040 _cBPK
041 0 _ager
920 _a3-518-10668-6
942 _cKS
008 s gw f |000 0 ger
999 _c50254
_d50254
856 _uhttp://koha.tu.koszalin.pl/cgi-bin/koha/opac-detail.pl?biblionumber=50254
_yKatalog online BPK